000 00697nam a2200253Ia 4500
003 OSt
005 20220924120330.0
006 a|||||r|||| 00| 0
007 ta
008 220923b |||||||| |||| 00| 0 urd d
024 _a266604
037 _cTextual
040 _aARTS
_cARTS
_burd
041 _2urd
_aurd
082 _aY73(Q7):36, 168F9
100 _aDehlavi Khwaja Hasan Nizami Au.
245 0 _aBakra ied ka aman
260 _aDelhi
_bMatba-e-Usmania india
_c1929
300 _a56p.
_ccm.
650 _a SOCIOLOGY
650 _aMUSLIMS
_926356
942 _hY73(Q7):36, 168F9
_cTEXL
_2CC
999 _c402322
_d402322